Carregant...

Reflections in American political thought : readings from past and present /

Dades bibliogràfiques
Autor principal: Abbott, Philip
Altres autors: Riccards, Michael P. (joint comp.)
Format: Printed Book
Idioma:English
Publicat: New York : Chandler Pub. Co, 1973.
Matèries:
LEADER 00725cam a2200169 4500
008 721213s1973 nyu 000 0 eng
082 0 0 |a 320.9/73 
100 1 |a Abbott, Philip 
245 1 0 |a Reflections in American political thought :   |c Philip Abbott and Michael P. Riccards.  |b readings from past and present / 
260 |a New York :  |b Chandler Pub. Co,  |c 1973. 
300 |a viii, 294 p. ;  |c 24 cm. 
650 0 |a Political science  |z United States  |x History. 
700 1 |a Riccards, Michael P.,  |e joint comp. 
906 |a 7  |b cbc  |c orignew  |d 1  |e ocip  |f 19  |g y-gencatlg 
942 |c BK 
999 |c 276541  |d 276541 
952 |0 0  |1 0  |2 ddc  |4 0  |6 320_900000000000000_73_ABB_R  |7 0  |9 311096  |a PHL  |b PHL  |c ST1  |d 2015-12-11  |i 715  |l 0  |o 320.9/73 ABB/R  |p PHL715  |r 2015-12-11  |y BK